000 00690nam a2200229Ia 4500
003 OSt
005 20220923221001.0
006 a|||||r|||| 00| 0
007 ta
008 220922b |||||||| |||| 00| 0 hin d
024 _a193,316
037 _cTextual
040 _aARTS
_cARTS
_bhin
041 _2hin
_ahin
082 _aV2:25wM69x, 152G2
100 _aदेसाई, महादेवभाई
245 0 _aइंग्लैंड में महात्माजी
246 _aIanglaianḍa mean hinātmājī
260 _c1932
942 _hV2:25wM69x, 152G2
_cTEXL
_2CC
999 _c345784
_d345784